Name that Battleship! (Better than Drixtrix Edition) - Statistics

General Stats
  • This quiz has been taken 84 times
    83 since last reset
  • The average score is 5 of 16
Answer Stats
Picture Answer % Correct
Bismarck
80%
Dreadnought
75%
Vanguard
53%
Agincourt
37%
Mikasa
37%
Provence
30%
Viribus Unitis
23%
Dante Alighieri
22%
Neptune
22%
Kronprinz
20%
Ostfriesland
17%
Alabama
15%
Vergniaud
13%
Oryol
12%
Imperator Aleksandr III
7%
Kearsarge
7%
No matching quizzes found
Score Distribution
Percent of People with Each Score
Percentile by Number Answered
Your Score History
You have not taken this quiz since the last reset